| 000 | 00427pab a2200157 454500 | ||
|---|---|---|---|
| 008 | 180718b2000 xxu||||| |||| 00| 0 eng d | ||
| 100 | _aBickford, Thomas A. | ||
| 245 | _aRegularization and the Chinese People's Liberation Army: an assessment of change | ||
| 260 | _c2000 | ||
| 300 | _ap.456-74 | ||
| 362 | _aMay-Jun | ||
| 650 | _aChina - Armed forces | ||
| 650 | _aArmed forces | ||
| 773 | _aAsian Survey | ||
| 909 | _a46071 | ||
| 999 |
_c46071 _d46071 |
||